Stopover ecology of nearctic-neotropical landbird migrants: habitat relations and conservation implications

Gardado en:
Detalles Bibliográficos
Autor Principal: Moore, Frank R. (autor)
Formato: Libro
Idioma:inglés
Publicado: Hattiesburg, USA University of Southern Mississippi 2000
Series:Studies in Avian Biology. 20
Subjects:
Tags: Engadir etiqueta
Sen Etiquetas, Sexa o primeiro en etiquetar este rexistro!

MARC

LEADER 00000nam a2200000 a 4500
001 UCO4692
003 CL-VaPUC
005 20220310171857.0
008 000811e20000000us |||||||||||||||||eng|d
999 |c 290700  |d 290698 
040 |c Pontificia Universidad Católica de Valparaíso 
082 0 4 |a 598.2922 MOO 2000  |2 21 
100 |a Moore, Frank R.  |e autor  |9 449332 
245 1 0 |a Stopover ecology of nearctic-neotropical landbird migrants: habitat relations and conservation implications 
260 0 3 |a Hattiesburg, USA  |b University of Southern Mississippi  |c 2000 
300 |a 133 páginas 
490 0 |a Studies in Avian Biology.  |v 20 
583 |a last modification  |c 20171221 04:49:09  |k Rodrigo Vera 
650 0 |a Aves  |9 262192 
650 7 |a COMPORTAMIENTO ANIMAL  |2 CL-VaPUC  |9 334602 
650 0 |a Ecología   |9 258124 
650 7 |a MIGRACION ANIMAL  |2 CL-VaPUC  |9 338079 
650 0 |a Zoología  |9 261613 
942 |c BK  |2 ddc 
945 |d 20000811 00:00:00  |a vberengu 
952 |0 0  |1 0  |2 ddc  |4 0  |6 598_292200000000000_MOO_2000  |7 0  |8 A  |9 340256  |a BIBCUR  |b BIBCUR  |d 2019-11-20  |i 3595285  |o 598.2922 MOO 2000  |p 3595285  |r 2025-04-22  |t 1  |w 2019-11-20  |y BK  |k BIO